00983cam a22002771 4500001001300000003000400013005001700017008004100034010001700075035001900092040002400111042001200135050002300147100002800170245008400198260002000282300005200302490006600354500006200420504002700482650002400509650003300533700003600566710002900602810007400631gs 66000291 DLC20260227111420.0780829s1965 gauab b s000 0 eng  ags 66000291  a(OCoLC)4176988 aDLCcUUdOCoLCdDLC apremarc00aQE101b.A12 no. 761 aMilton, Charles,d1896-10aSubsurface "basement" rocks of Georgia,cby Charles Milton and Vernon J. Hurst. aAtlanta,c1965. aiv, 56 p.billus., fold. map(in pocket)c23 cm.1 aGeorgia. Dept. of Mines, Mining and Geology. Bulletinvno. 76 a"Prepared cooperatively with the U.S. Geological Survey." aBibliography: p.50-51. 0aPetrologyzGeorgia. 0aPetroleumxGeologyzGeorgia.1 aHurst, Vernon J.ejoint author.2 aGeological Survey (U.S.)10aGeorgia.bDepartment of Mines, Mining and Geology.tBulletinvno. 76.